Composition - Finale CDM 2018 : France - Croatie - Statistiques

Statistiques générales
  • Ce quiz a été pris 2 217 fois
  • Le résultat moyen est 18 sur 29
Statistiques - réponses
Joueurs % Correct
Hugo Lloris
99%
Kylian Mbappé
98%
Antoine Griezmann
97%
Olivier Giroud
96%
Paul Pogba
96%
N'Golo Kanté
95%
Raphaël Varane
95%
Lucas Hernandez
93%
Benjamin Pavard
92%
Samuel Umtiti
91%
Luka Modric
89%
Blaise Matuidi
85%
Ivan Perisic
73%
Mario Mandzukic
69%
Didier Deschamps
67%
Steven Nzonzi
67%
Ivan Rakitic
63%
Danijel Subašić
62%
Nabil Fekir
58%
Corentin Tolisso
50%
Domagoj Vida
47%
Dejan Lovren
33%
Marcelo Brozovic
33%
Andrej Kramaric
27%
Ante Rebic
20%
Šime Vrsaljko
15%
Zlatko Dalic
10%
Ivan Strinić
7%
Marko Pjaca
6%
Aucun quiz correspondant
Distribution des résultats
% des personnes avec chaque résultat
Percentile par nombre de réponses
Votre historique - résultats
Vous n’avez pas pris ce quiz